Statistics for Republic of Ireland Counties by Population

Click here to take the quiz!

General Stats

  • This quiz has been taken 48 times
    (15 since last reset)
  • The average score is 8 of 26

Answer Stats

PopulationCounty% Correct
1,458,154Dublin
100%
584,156Cork
92%
277,737Galway
62%
247,774Kildare
46%
209,536Limerick
46%
35,199Leitrim
38%
220,826Meath
38%
167,895Tipperary
31%
156,458Kerry
23%
46,751Longford
23%
139,703Louth
23%
137,970Mayo
23%
70,198Sligo
23%
163,919Wexford
23%
155,851Wicklow
23%
61,968Carlow
15%
81,704Cavan
15%
127,938Clare
15%
167,084Donegal
15%
104,160Kilkenny
15%
91,877Laois
15%
65,288Monaghan
15%
83,150Offaly
15%
70,259Roscommon
15%
127,363Waterford
15%
96,221Westmeath
15%

Score Distribution

Percentile by Number Answered

Percent of People with Each Score

Your Score History

You have not taken this quiz since the last reset